[Event "SVK-chT4 A22 1415"]
[Site "Slovakia"]
[Date "2014.11.23"]
[Round "4.6"]
[White "Bott, Tamas"]
[Black "Olle, Akos"]
[Result "1-0"]
[WhiteElo "1774"]
[BlackElo "1266"]
[PlyCount "53"]
[EventDate "2014.10.12"]
[EventType "team-tourn"]
[EventRounds "11"]
[EventCountry "SVK"]
[SourceTitle "EXT 2019"]
[Source "ChessBase"]
[SourceDate "2018.10.10"]
[SourceVersion "1"]
[SourceVersionDate "2018.10.10"]
[SourceQuality "1"]

1. e4 c5 2. d4 cxd4 3. Qxd4 Nc6 4. Qd3 d6 5. Nf3 Nf6 6. Nc3 g6 7. Qe2 Qc7 8. Bf4 Bg7 9. e5 dxe5 10. Nxe5 Nh5 11. Nb5 Qa5+ 12. Bd2 Qb6 13. Nc4 Qd8 14. 0-0-0 b6 15. Bf4 Bd7 16. Bc7 Qc8 17. Ncd6+ Kf8 18. Nxc8 Bxc8 19. Nd6 Ne5 20. Qe3 Bh6 21. Qxh6+ Ng7 22. Ne8 Rg8 23. Bxe5 f6 24. Nxg7 Rxg7 25. Rd8+ Kf7 26. Bc4+ Be6 27. Bxf6 1-0

[Event "SVK-ch U12"]
[Site "Stara Lubovna"]
[Date "2014.04.12"]
[Round "9"]
[White "Valovic, Matus"]
[Black "Olle, Akos"]
[Result "1/2-1/2"]
[WhiteElo "1571"]
[BlackElo "1234"]
[PlyCount "51"]
[EventDate "2014.04.05"]
[EventType "swiss"]
[EventRounds "9"]
[EventCountry "SVK"]
[SourceTitle "EXT 2016"]
[Source "ChessBase"]
[SourceDate "2015.10.08"]
[SourceVersion "1"]
[SourceVersionDate "2015.10.08"]
[SourceQuality "1"]

1. d4 Nf6 2. Nf3 g6 3. c4 d5 4. e3 Bg7 5. Nc3 0-0 6. Be2 b6 7. 0-0 Bb7 8. b3 c5 9. Bb2 Nc6 10. Rc1 a6 11. cxd5 Nxd5 12. dxc5 Nxc3 13. Bxc3 Qxd1 14. Rfxd1 Rfd8 15. Bxg7 Kxg7 16. cxb6 Rac8 17. h3 Nb4 18. Rxd8 Rxc1+ 19. Rd1 Nxa2 20. Rxc1 Nxc1 21. Bc4 Kf6 22. Kh2 e6 23. Kg3 Ke7 24. Kf4 Kd6 25. Kg5 Kc5 26. Kf6 1/2-1/2

[Event "SVK-ch U12"]
[Site "Stara Lubovna"]
[Date "2014.04.09"]
[Round "6"]
[White "Olle, Akos"]
[Black "Gyuricsek, Szilard"]
[Result "1-0"]
[WhiteElo "1234"]
[BlackElo "1000"]
[PlyCount "93"]
[EventDate "2014.04.05"]
[EventType "swiss"]
[EventRounds "9"]
[EventCountry "SVK"]
[SourceTitle "EXT 2016"]
[Source "ChessBase"]
[SourceDate "2015.10.08"]
[SourceVersion "1"]
[SourceVersionDate "2015.10.08"]
[SourceQuality "1"]

1. e4 c5 2. Nf3 Nc6 3. d4 cxd4 4. Nxd4 Nf6 5. Nc3 g6 6. Bc4 Bg7 7. Be3 e6 8. 0-0 d5 9. Nxc6 bxc6 10. Bb3 0-0 11. Qd2 Ba6 12. Rfe1 Qc7 13. h3 Rad8 14. e5 Ne4 15. Nxe4 dxe4 16. Qb4 Bxe5 17. Qxe4 Rd7 18. Bg5 Qd6 19. Qxe5 Qxe5 20. Rxe5 Kg7 21. c3 f6 22. Ra5 Bd3 23. Be3 e5 24. Rxa7 Rxa7 25. Bxa7 e4 26. Rc1 f5 27. Bc2 Rd8 28. Bd4+ Kf7 29. Bxd3 exd3 30. Rd1 Ke6 31. Rxd3 c5 32. Re3+ Kd6 33. Be5+ Kc6 34. Kf1 Kb5 35. Ke2 Kc4 36. b3+ Kb5 37. c4+ Kc6 38. Rd3 Ra8 39. a4 h6 40. Rd6+ Kb7 41. Rxg6 Re8 42. f4 h5 43. Rh6 Rg8 44. Rh7+ Ka6 45. Rxh5 Rxg2+ 46. Kf3 Rb2 47. Bxb2 1-0

[Event "SVK-chT2A 1314"]
[Site "Slovakia"]
[Date "2014.02.23"]
[Round "9.7"]
[White "Krist, Milan"]
[Black "Olle, Akos"]
[Result "1-0"]
[WhiteElo "1946"]
[BlackElo "1134"]
[PlyCount "51"]
[EventDate "2013.10.19"]
[EventType "team-tourn"]
[EventRounds "11"]
[EventCountry "SVK"]
[SourceTitle "EXT 2015"]
[Source "ChessBase"]
[SourceDate "2014.11.20"]
[SourceVersion "1"]
[SourceVersionDate "2014.11.20"]
[SourceQuality "1"]
[WhiteTeam "Trnava Lokomotiva II"]
[BlackTeam "Dunajska Streda II"]
[WhiteTeamCountry "SVK"]
[BlackTeamCountry "SVK"]

1. d4 d5 2. c4 Nf6 3. Nf3 c6 4. cxd5 cxd5 5. Nc3 g6 6. Bf4 Bg7 7. e3 0-0 8. Bd3 Nc6 9. 0-0 a6 10. Rc1 b5 11. Ne2 Qb6 12. Ne5 Nxe5 13. Bxe5 Ng4 14. Bc7 Qf6 15. h3 Nh6 16. Nf4 Qg5 17. Qf3 Be6 18. Rc5 Rac8 19. Rfc1 Nf5 20. Bxf5 Bxf5 21. Nxd5 e6 22. Nb6 Rce8 23. Nd7 Rc8 24. Nxf8 Bxf8 25. Rc6 Qh4 26. Bg3 1-0

[Event "SVK-ch U12"]
[Site "Lubovna"]
[Date "2013.04.13"]
[Round "9"]
[White "Lesko, Peter"]
[Black "Olle, Akos"]
[Result "0-1"]
[WhiteElo "1000"]
[BlackElo "1000"]
[PlyCount "82"]
[EventDate "2013.04.06"]
[EventType "swiss"]
[EventRounds "9"]
[EventCountry "SVK"]
[SourceTitle "CBM 153 Extra"]
[Source "ChessBase"]
[SourceDate "2013.04.22"]
[SourceVersion "1"]
[SourceVersionDate "2013.04.22"]
[SourceQuality "1"]

1. e4 c5 2. Nf3 Nc6 3. d4 cxd4 4. Nxd4 Nf6 5. Nxc6 bxc6 6. e5 Qa5+ 7. Nd2 Qxe5+ 8. Be2 d5 9. Nf3 Qc7 10. 0-0 g6 11. Be3 Bg7 12. Qd2 Ng4 13. Bd4 e5 14. Be3 Nxe3 15. Qxe3 0-0 16. Ng5 e4 17. c3 h6 18. Nh3 Bxh3 19. Qxh3 Qc8 20. Bg4 Qb7 21. b4 h5 22. Be2 d4 23. cxd4 Bxd4 24. Rab1 Qc8 25. Qg3 c5 26. Bxh5 Qb8 27. Qxb8 Raxb8 28. Be2 cxb4 29. Rfc1 Bb6 30. Rc4 e3 31. fxe3 Bxe3+ 32. Kh1 a5 33. Re4 Bh6 34. Rd4 Rfc8 35. Rd5 Kg7 36. Rxa5 g5 37. Bg4 Rc7 38. Ra4 Kg6 39. Raxb4 Rxb4 40. Rxb4 Rc1+ 41. Bd1 Rxd1# 0-1

[Event "SVK-ch U12"]
[Site "Lubovna"]
[Date "2013.04.10"]
[Round "6"]
[White "Olle, Akos"]
[Black "Kanassy, Martin"]
[Result "1/2-1/2"]
[WhiteElo "1000"]
[BlackElo "1173"]
[PlyCount "40"]
[EventDate "2013.04.06"]
[EventType "swiss"]
[EventRounds "9"]
[EventCountry "SVK"]
[SourceTitle "CBM 153 Extra"]
[Source "ChessBase"]
[SourceDate "2013.04.22"]
[SourceVersion "1"]
[SourceVersionDate "2013.04.22"]
[SourceQuality "1"]

1. e4 e5 2. Nf3 Nc6 3. Bc4 Bc5 4. Nc3 Nf6 5. d3 d6 6. 0-0 0-0 7. h3 h6 8. b3 b6 9. Nd5 Nxd5 10. Bxd5 Bb7 11. Bb2 Na5 12. Bxb7 Nxb7 13. d4 exd4 14. Nxd4 Bxd4 15. Bxd4 c5 16. Bb2 Re8 17. Qg4 Qg5 18. Qxg5 hxg5 19. Rfe1 Rad8 20. Rad1 f6 1/2-1/2

[Event "SVK-ch U12"]
[Site "Lubovna"]
[Date "2013.04.09"]
[Round "5"]
[White "Curma, Ivan"]
[Black "Olle, Akos"]
[Result "1-0"]
[WhiteElo "1000"]
[BlackElo "1000"]
[PlyCount "79"]
[EventDate "2013.04.06"]
[EventType "swiss"]
[EventRounds "9"]
[EventCountry "SVK"]
[SourceTitle "CBM 153 Extra"]
[Source "ChessBase"]
[SourceDate "2013.04.22"]
[SourceVersion "1"]
[SourceVersionDate "2013.04.22"]
[SourceQuality "1"]

1. e4 c5 2. Nf3 Nc6 3. Bc4 Nf6 4. Ng5 e6 5. 0-0 h6 6. Nf3 Nxe4 7. d3 d5 8. dxe4 dxc4 9. Qxd8+ Nxd8 10. b3 a6 11. Nc3 Nc6 12. Bb2 b5 13. bxc4 Nb4 14. Ne1 Rb8 15. cxb5 axb5 16. a4 Ba6 17. axb5 Bxb5 18. Nxb5 Rxb5 19. Bc3 Nc6 20. Ra8+ Rb8 21. Rxb8+ Nxb8 22. Nd3 g5 23. Bxh8 f5 24. exf5 exf5 25. Re1+ Kf7 26. Ne5+ Kg8 27. Bf6 f4 28. f3 Na6 29. Nd7 Nb4 30. Nxf8 Kxf8 31. Re2 Kf7 32. Be7 Nxc2 33. Rxc2 Kxe7 34. Rxc5 Kf6 35. g3 Kg6 36. gxf4 Kh5 37. fxg5 hxg5 38. f4 Kg4 39. Rxg5+ Kxf4 40. Rg2 1-0

[Event "SVK-ch U12"]
[Site "Lubovna"]
[Date "2013.04.08"]
[Round "3"]
[White "Koscak, Julian"]
[Black "Olle, Akos"]
[Result "1/2-1/2"]
[WhiteElo "1000"]
[BlackElo "1000"]
[PlyCount "69"]
[EventDate "2013.04.06"]
[EventType "swiss"]
[EventRounds "9"]
[EventCountry "SVK"]
[SourceTitle "CBM 153 Extra"]
[Source "ChessBase"]
[SourceDate "2013.04.22"]
[SourceVersion "1"]
[SourceVersionDate "2013.04.22"]
[SourceQuality "1"]

1. c4 Nf6 2. Nc3 g6 3. d4 Bg7 4. e3 e6 5. g3 d5 6. b3 0-0 7. Bg2 Nc6 8. Ba3 Re8 9. Nge2 a6 10. 0-0 b5 11. cxb5 axb5 12. Bb2 b4 13. Nb1 e5 14. dxe5 Nxe5 15. Bxe5 Rxe5 16. Nd2 Ng4 17. Nc4 Rh5 18. h3 Bxa1 19. Qxa1 Nf6 20. Nf4 Rh6 21. Nxd5 Nxd5 22. Rd1 c6 23. e4 Be6 24. exd5 cxd5 25. Qc1 Rh5 26. g4 Rh4 27. a4 Qf6 28. Nb6 Bxg4 29. hxg4 Qxb6 30. Rxd5 Rxg4 31. Rc5 Qb7 32. Rc6 Qd7 33. Rc7 Qd5 34. Rc8+ Rxc8 35. Qxc8+ 1/2-1/2

[Event "SVK-ch U12"]
[Site "Lubovna"]
[Date "2013.04.07"]
[Round "2"]
[White "Olle, Akos"]
[Black "Biacko, Pavol"]
[Result "1-0"]
[WhiteElo "1000"]
[BlackElo "1000"]
[PlyCount "123"]
[EventDate "2013.04.06"]
[EventType "swiss"]
[EventRounds "9"]
[EventCountry "SVK"]
[SourceTitle "CBM 153 Extra"]
[Source "ChessBase"]
[SourceDate "2013.04.22"]
[SourceVersion "1"]
[SourceVersionDate "2013.04.22"]
[SourceQuality "1"]

1. e4 c5 2. Nf3 Nc6 3. d4 b6 4. Nc3 Nf6 5. Bc4 Bb7 6. Ng5 e6 7. Be3 h6 8. Nf3 Nb4 9. a3 Nc6 10. Qe2 Bd6 11. d5 Ne5 12. Nxe5 Bxe5 13. f4 Bxc3+ 14. bxc3 Nxe4 15. Qd3 exd5 16. Bxd5 Bxd5 17. Qxd5 Nxc3 18. Qd3 Na4 19. Qe2 Qf6 20. Bd4+ Qe7 21. Bxg7 Qxe2+ 22. Kxe2 Rg8 23. Bxh6 Rxg2+ 24. Kf3 Rxc2 25. Rae1+ Kd8 26. Bg5+ Kc7 27. f5 Rc3+ 28. Kg4 Rc4+ 29. Bf4+ Kd8 30. h4 d5 31. h5 Kd7 32. h6 Rh8 33. h7 d4 34. Kg5 d3 35. Be5 Rxh7 36. Rxh7 d2 37. Rd1 Rc2 38. Rxf7+ Kc6 39. Rxa7 Kd5 40. Bf6 b5 41. Rd7+ Kc4 42. R1xd2 Rxd2 43. Rxd2 b4 44. axb4 cxb4 45. Ba1 b3 46. Bb2 Nc5 47. Kf4 Nd3+ 48. Ke4 Nc5+ 49. Ke3 Kb4 50. Rd4+ Kb5 51. Kd2 Kc6 52. f6 Ne6 53. f7 Kc5 54. Re4 Nf8 55. Re8 Ng6 56. f8Q+ Nxf8 57. Rxf8 Kb4 58. Kd3 Ka4 59. Kd4 Kb4 60. Rb8+ Ka4 61. Kc5 Ka5 62. Ra8# 1-0

[Event "SVK-ch U12"]
[Site "Lubovna"]
[Date "2013.04.06"]
[Round "1"]
[White "Cader, Matej"]
[Black "Olle, Akos"]
[Result "1-0"]
[WhiteElo "1187"]
[BlackElo "1000"]
[PlyCount "46"]
[EventDate "2013.04.06"]
[EventType "swiss"]
[EventRounds "9"]
[EventCountry "SVK"]
[SourceTitle "CBM 153 Extra"]
[Source "ChessBase"]
[SourceDate "2013.04.22"]
[SourceVersion "1"]
[SourceVersionDate "2013.04.22"]
[SourceQuality "1"]

1. e4 c5 2. Nf3 Nc6 3. d4 cxd4 4. Nxd4 Nf6 5. Nc3 d6 6. Bb5 Qc7 7. Nd5 Qd7 8. Qd3 a6 9. Bxc6 bxc6 10. Nb6 Qc7 11. Nxa8 Qa5+ 12. Bd2 Qd8 13. 0-0 Bb7 14. Nf3 g6 15. e5 Nd7 16. exd6 Nc5 17. dxe7 Bxe7 18. Qxd8+ Bxd8 19. Rfe1+ Kd7 20. Ne5+ Ke6 21. Nxg6+ Kf5 22. Nxh8 Bxa8 23. Re8 Nb7 1-0